[Event "UKR-ch sf U18"]
[Site "Kharkov"]
[Date "2008.10.09"]
[Round "8"]
[White "Omelja, Artem"]
[Black "Manilyk, Andrei"]
[Result "1-0"]
[WhiteElo "2172"]
[BlackElo "2139"]
[PlyCount "109"]
[EventDate "2008.10.02"]
[EventType "swiss"]
[EventRounds "9"]
[EventCountry "UKR"]
[SourceTitle "CBM 126 Extra"]
[Source "ChessBase"]
[SourceDate "2008.11.05"]
[SourceVersion "1"]
[SourceVersionDate "2008.11.05"]
[SourceQuality "1"]

1. Nf3 d5 2. d4 c6 3. c4 Nf6 4. e3 a6 5. Nc3 Nbd7 6. cxd5 cxd5 7. Bd3 e6 8. 0-0 b5 9. a4 b4 10. Nb1 Bd6 11. Nbd2 Bb7 12. Nb3 0-0 13. Bd2 Ne4 14. Be1 f5 15. Nfd2 Kh8 16. f3 Nxd2 17. Qxd2 Qe7 18. Qe2 a5 19. Bb5 Nf6 20. Rc1 Ne8 21. Bf2 Nc7 22. Bd3 Bc8 23. Bg3 Bxg3 24. hxg3 Qd6 25. f4 Ne8 26. g4 Nf6 27. g5 Nd7 28. Bb5 Nb6 29. Rc6 Qb8 30. Nc5 Rf7 31. b3 Re7 32. Rc1 g6 33. Qc2 Raa7 34. Nd3 Bd7 35. Ne5 Bxc6 36. Nxc6 Qa8 37. Qc5 Rec7 38. Qxb6 Rab7 39. Qc5 h6 40. Qd6 Qg8 41. Rc5 Kh7 42. Ne5 Re7 43. Ba6 Ra7 44. Rxa5 Rg7 45. Rc5 Rge7 46. Bb5 Rab7 47. a5 hxg5 48. fxg5 Kg7 49. a6 Ra7 50. Nc6 Qh7 51. Qe5+ Kg8 52. Nxe7+ Qxe7 53. Rc8+ Kf7 54. Qh8 Qxg5 55. Qf8# 1-0

[Event "Kiev Independence Cup-A 8th"]
[Site "Kiev"]
[Date "2008.08.17"]
[Round "5"]
[White "Dornbusch, Tatiana"]
[Black "Manilyk, Andrei"]
[Result "1/2-1/2"]
[WhiteElo "2231"]
[BlackElo "2139"]
[PlyCount "108"]
[EventDate "2008.08.13"]
[EventType "swiss"]
[EventRounds "11"]
[EventCountry "UKR"]
[SourceTitle "CBM 126 Extra"]
[Source "ChessBase"]
[SourceDate "2008.11.05"]
[SourceVersion "1"]
[SourceVersionDate "2008.11.05"]
[SourceQuality "1"]

1. d4 Nf6 2. Nf3 e6 3. c4 Bb4+ 4. Bd2 Qe7 5. Nc3 b6 6. g3 Bb7 7. Bg2 0-0 8. 0-0 d6 9. Qc2 Bxc3 10. Bxc3 Be4 11. Qd2 Nbd7 12. Rfe1 Rad8 13. Bf1 Bb7 14. Qg5 Rfe8 15. Nd2 d5 16. Bg2 h6 17. Qf4 e5 18. dxe5 Nxe5 19. Rad1 c5 20. cxd5 Bxd5 21. Qxe5 Qxe5 22. Bxe5 Rxe5 23. Nc4 Ree8 24. Bxd5 Nxd5 25. a3 Nc7 26. e3 Ne6 27. f4 f6 28. Kf2 Kf8 29. Nd6 Re7 30. Rd2 Red7 31. Red1 a6 32. e4 g6 33. b4 cxb4 34. axb4 Ke7 35. Nc8+ Ke8 36. Rxd7 Rxd7 37. Rxd7 Kxd7 38. Nxb6+ Kc6 39. Nd5 Kb5 40. Ke3 Kc4 41. g4 Nd4 42. Nb6+ Kc3 43. Na4+ Kc4 44. Nb6+ Kc3 45. e5 fxe5 46. fxe5 Ne6 47. Nd5+ Kc4 48. Nf4 Nc7 49. Ke4 g5 50. Nd3 Ne6 51. Nc5 Nc7 52. Nd3 Ne6 53. Kf5 Nd4+ 54. Ke4 Ne6 1/2-1/2

[Event "Kiev Independence Cup-A 8th"]
[Site "Kiev"]
[Date "2008.08.13"]
[Round "1"]
[White "Dolzhikova, Kateryna"]
[Black "Manilyk, Andrei"]
[Result "0-1"]
[WhiteElo "2339"]
[BlackElo "2139"]
[PlyCount "50"]
[EventDate "2008.08.13"]
[EventType "swiss"]
[EventRounds "11"]
[EventCountry "UKR"]
[SourceTitle "CBM 126 Extra"]
[Source "ChessBase"]
[SourceDate "2008.11.05"]
[SourceVersion "1"]
[SourceVersionDate "2008.11.05"]
[SourceQuality "1"]

1. e4 c5 2. Nf3 Nc6 3. Bb5 d6 4. 0-0 e6 5. c3 Nf6 6. Re1 Be7 7. d4 cxd4 8. cxd4 Qb6 9. Nc3 a6 10. Ba4 0-0 11. d5 Ne5 12. Nd4 exd5 13. exd5 Ng6 14. Bc2 Re8 15. Bg5 Bd7 16. h4 Qxb2 17. Qd2 Rac8 18. Bxg6 Qxd2 19. Bxf7+ Kxf7 20. Bxd2 Rc4 21. Nf3 h6 22. Rac1 b5 23. a3 Rec8 24. Kh2 R8c5 25. Be3 Ng4+ 0-1

[Event "Ilichevsk Sunny Pawn op"]
[Site "Ilichevsk"]
[Date "2008.07.29"]
[Round "9"]
[White "Manilyk, Andrei"]
[Black "Bugaev, Viktor"]
[Result "1/2-1/2"]
[WhiteElo "2139"]
[BlackElo "2009"]
[PlyCount "109"]
[EventDate "2008.07.20"]
[EventType "swiss"]
[EventRounds "10"]
[EventCountry "UKR"]
[SourceTitle "CBM 125 Extra"]
[Source "ChessBase"]
[SourceDate "2008.09.01"]
[SourceVersion "1"]
[SourceVersionDate "2008.09.01"]
[SourceQuality "1"]

1. e4 e6 2. d4 d5 3. e5 c5 4. c3 Nc6 5. Nf3 Qb6 6. a3 Nh6 7. b4 cxd4 8. cxd4 Nf5 9. Be3 Be7 10. Bd3 Nxe3 11. fxe3 f6 12. exf6 Bxf6 13. b5 Ne7 14. 0-0 0-0 15. Kh1 Bd7 16. Nbd2 Rac8 17. a4 Nf5 18. Qe2 Rc3 19. g4 Nd6 20. g5 Be7 21. Ne5 Be8 22. Rxf8+ Bxf8 23. Rf1 g6 24. Qg4 Nf5 25. Bxf5 exf5 26. Qf3 Qe6 27. Qe2 Bd6 28. Ndf3 Qc8 29. Qa2 Qe6 30. Re1 Kg7 31. Qb2 Qc8 32. Qa2 Bxe5 33. Nxe5 Rxe3 34. Rxe3 Qc1+ 35. Kg2 Qxe3 36. Qxd5 Qxg5+ 37. Kf3 Qh5+ 38. Kg3 Qg5+ 39. Kf3 Qe7 40. Nd3 a6 41. Kf2 axb5 42. axb5 Qh4+ 43. Kg1 Kh6 44. Qe5 b6 45. Qxe8 Qxd4+ 46. Nf2 Qc5 47. Qc6 Qe3 48. Qc4 Kg7 49. Qc7+ Kh6 50. Qc4 Kg7 51. Qc7+ Kh6 52. Kg2 Qd4 53. Qc6 Kg7 54. Qc7+ Kf6 55. Qc6+ 1/2-1/2

[Event "Ilichevsk Sunny Pawn op"]
[Site "Ilichevsk"]
[Date "2008.07.23"]
[Round "4"]
[White "Manilyk, Andrei"]
[Black "Gonchar, Mariya"]
[Result "1-0"]
[WhiteElo "2139"]
[BlackElo "1921"]
[PlyCount "45"]
[EventDate "2008.07.20"]
[EventType "swiss"]
[EventRounds "10"]
[EventCountry "UKR"]
[SourceTitle "CBM 125 Extra"]
[Source "ChessBase"]
[SourceDate "2008.09.01"]
[SourceVersion "1"]
[SourceVersionDate "2008.09.01"]
[SourceQuality "1"]

1. d4 Nf6 2. c3 d5 3. e3 e6 4. Bd3 Be7 5. Nd2 0-0 6. f4 c5 7. Ngf3 Nc6 8. 0-0 Qc7 9. Ne5 c4 10. Bc2 b5 11. a3 Bd7 12. Rf3 a5 13. Rh3 b4 14. Bxh7+ Kh8 15. Bb1+ Kg8 16. Qe1 Nxe5 17. fxe5 Ne8 18. Bh7+ Kh8 19. Qg3 Qd8 20. Nf3 f6 21. Bg6+ Kg8 22. Rh8+ Kxh8 23. Qh3+ 1-0

[Event "Kiev Independence Cup-A 7th"]
[Site "Kiev"]
[Date "2007.08.17"]
[Round "5"]
[White "Malienko, Alexander"]
[Black "Manilyk, Andrei"]
[Result "0-1"]
[WhiteElo "2240"]
[BlackElo "2133"]
[PlyCount "128"]
[EventDate "2007.08.13"]
[EventType "swiss"]
[EventRounds "11"]
[EventCountry "UKR"]
[SourceTitle "CBM 119 Extra"]
[Source "ChessBase"]
[SourceDate "2007.09.04"]
[SourceVersion "1"]
[SourceVersionDate "2007.09.04"]
[SourceQuality "1"]

1. e4 d6 2. d4 Nf6 3. Nc3 c6 4. f4 Qa5 5. Bd2 Qb6 6. Nf3 Qxb2 7. Rb1 Qa3 8. Bc4 e6 9. 0-0 Be7 10. Ng5 d5 11. Rb3 Qd6 12. e5 Qd8 13. Bd3 Ng8 14. Nxf7 Kxf7 15. Qh5+ g6 16. Bxg6+ hxg6 17. Qxh8 Qf8 18. f5 exf5 19. Ne2 Qg7 20. Qh3 Nd7 21. Nf4 Nf8 22. Rg3 Bd7 23. c3 Ke8 24. Qh5 Kf7 25. Nxg6 Nxg6 26. Rxf5+ Bxf5 27. Qxf5+ Bf6 28. e6+ Ke7 29. Rxg6 Qh8 30. Bg5 Rc8 31. h4 c5 32. Qxd5 Rd8 33. Qxc5+ Kxe6 34. Qc4+ Ke7 35. Qc7+ Rd7 36. Rxg8 Qxg8 37. Bxf6+ Ke6 38. Qe5+ Kf7 39. Qf5 Ke8 40. Bg5 Qxa2 41. Qe4+ Kf7 42. Qh7+ Ke8 43. Qh8+ Kf7 44. Qh5+ Kf8 45. Qh6+ Kf7 46. Qh7+ Ke8 47. Qe4+ Kf7 48. h5 Qe6 49. Qh7+ Ke8 50. Qh8+ Kf7 51. h6 Kg6 52. Bd2 a5 53. Qa8 b6 54. Qb8 a4 55. Qg3+ Kh7 56. Qd3+ Qg6 57. Qb5 Ra7 58. c4 a3 59. Bc3 a2 60. Ba1 Qb1+ 61. Kh2 Qxb5 62. cxb5 Rc7 63. Kg3 Rc1 64. Bb2 Rb1 0-1

[Event "Kiev Independence Cup-A 7th"]
[Site "Kiev"]
[Date "2007.08.16"]
[Round "4"]
[White "Manilyk, Andrei"]
[Black "Romanov, Vladimir"]
[Result "0-1"]
[WhiteElo "2133"]
[BlackElo "2268"]
[PlyCount "76"]
[EventDate "2007.08.13"]
[EventType "swiss"]
[EventRounds "11"]
[EventCountry "UKR"]
[SourceTitle "CBM 119 Extra"]
[Source "ChessBase"]
[SourceDate "2007.09.04"]
[SourceVersion "1"]
[SourceVersionDate "2007.09.04"]
[SourceQuality "1"]

1. d4 Nf6 2. e3 d5 3. Bd3 c5 4. c3 b6 5. f4 g6 6. Nf3 Bg7 7. Nbd2 0-0 8. 0-0 Ba6 9. Bxa6 Nxa6 10. Ne5 e6 11. a4 Nc7 12. b4 cxb4 13. cxb4 Nce8 14. b5 Nd6 15. Ba3 Re8 16. Rc1 Nfe4 17. Nc6 Qd7 18. Bxd6 Nxd6 19. Qb3 Rec8 20. Nb4 Bf8 21. Nf3 f6 22. Nd2 h5 23. Kf2 Kf7 24. Rfe1 Nf5 25. Na6 Bd6 26. g3 Kg7 27. Nf3 Kh6 28. h3 g5 29. g4 Ng7 30. fxg5+ fxg5 31. Nb4 Qf7 32. Nc6 Rf8 33. Qd1 Qg6 34. Rg1 Qe4 35. Nce5 Bxe5 36. dxe5 Rf7 37. gxh5 Raf8 38. Rg3 Nxh5 0-1

[Event "Kiev Independence Cup-B 7th"]
[Site "Kiev"]
[Date "2007.08.05"]
[Round "3"]
[White "Datsuk, Taras"]
[Black "Manilyk, Andrei"]
[Result "0-1"]
[WhiteElo "2078"]
[BlackElo "2204"]
[PlyCount "68"]
[EventDate "2007.08.03"]
[EventType "swiss"]
[EventRounds "9"]
[EventCountry "UKR"]
[SourceTitle "EXT 2023"]
[Source "ChessBase"]
[SourceDate "2022.10.05"]
[SourceVersion "1"]
[SourceVersionDate "2022.10.05"]
[SourceQuality "1"]

1. e4 d6 2. d4 Nf6 3. Bd3 c6 4. f4 Bg4 5. Nf3 Nbd7 6. e5 Nd5 7. Bd2 Qb6 8. Nc3 Bxf3 9. Qxf3 Qxd4 10. Nxd5 Qxd5 11. Qxd5 cxd5 12. exd6 e6 13. Bb4 0-0-0 14. c4 dxc4 15. Bxc4 Nb6 16. Rc1 Kb8 17. f5 Bxd6 18. Ba5 Bf4 19. Bxb6 axb6 20. Rc2 exf5 21. Bxf7 Be3 22. Ke2 Rhf8 23. Bc4 Rfe8 24. Kf3 g5 25. Re1 g4+ 26. Kg3 Bf4+ 27. Kxf4 Rxe1 28. Kxf5 h5 29. Kg6 Re5 30. Kf6 Rc5 31. a4 Rd6+ 32. Ke7 Rh6 33. Kf7 Rc7+ 34. Kg8 Rd6 0-1

[Event "Kiev-ch"]
[Site "Kiev"]
[Date "2007.01.23"]
[Round "4"]
[White "Manilyk, Andrei"]
[Black "Ianovsky, Alexander"]
[Result "1/2-1/2"]
[WhiteElo "2105"]
[BlackElo "2240"]
[PlyCount "79"]
[EventDate "2007.01.20"]
[EventType "swiss"]
[EventRounds "11"]
[EventCountry "UKR"]
[SourceTitle "CBM 116 Extra"]
[Source "ChessBase"]
[SourceDate "2007.03.07"]
[SourceVersion "1"]
[SourceVersionDate "2007.03.07"]
[SourceQuality "1"]

1. e4 d6 2. d4 Nf6 3. Nc3 g6 4. Nf3 Bg7 5. h3 0-0 6. Be3 c6 7. a4 a5 8. Bd3 Na6 9. 0-0 Nb4 10. Re1 Nxd3 11. Qxd3 d5 12. e5 Ne8 13. Qd2 Bf5 14. Ne2 f6 15. Bf4 Be4 16. Nh2 Qb6 17. exf6 Nxf6 18. f3 Bf5 19. g4 Bd7 20. Kg2 c5 21. c3 Qc6 22. Ng3 Rf7 23. Be3 b6 24. Ne2 Re8 25. Bf4 Bc8 26. b4 axb4 27. cxb4 cxb4 28. Qxb4 Ba6 29. Rac1 Qd7 30. Be5 Bc4 31. Nc3 Qa7 32. Nf1 Bh6 33. Rb1 Nd7 34. Nb5 Qa5 35. Qxa5 bxa5 36. Nc7 Rc8 37. Ne6 Nxe5 38. Rxe5 Bg7 39. Nxg7 Kxg7 40. Nd2 1/2-1/2

[Event "Kiev-ch"]
[Site "Kiev"]
[Date "2007.01.20"]
[Round "1"]
[White "Semenova, Lidia K"]
[Black "Manilyk, Andrei"]
[Result "0-1"]
[WhiteElo "2270"]
[BlackElo "2105"]
[PlyCount "74"]
[EventDate "2007.01.20"]
[EventType "swiss"]
[EventRounds "11"]
[EventCountry "UKR"]
[SourceTitle "CBM 116 Extra"]
[Source "ChessBase"]
[SourceDate "2007.03.07"]
[SourceVersion "1"]
[SourceVersionDate "2007.03.07"]
[SourceQuality "1"]

1. e4 d6 2. d4 Nf6 3. Nc3 c6 4. f4 Qa5 5. Bd2 Qb6 6. Nf3 Bg4 7. h3 Bxf3 8. Qxf3 Qxd4 9. 0-0-0 Nbd7 10. g4 h6 11. Rh2 e6 12. Be3 Qb4 13. Rhd2 Be7 14. Bg2 Qa5 15. Qf1 0-0-0 16. Rd4 Nc5 17. e5 Nd5 18. Bxd5 exd5 19. R4d2 Rhe8 20. a3 f6 21. exf6 Bxf6 22. Bd4 Bxd4 23. Rxd4 Re3 24. f5 Rxc3 25. bxc3 Qxa3+ 26. Kb1 Ne4 27. Rxe4 dxe4 28. Qc4 Re8 29. Qf7 Re5 30. c4 Qb4+ 31. Kc1 e3 32. Qf8+ Kc7 33. Qxg7+ Kb6 34. c5+ Ka6 35. Rxd6 Qc3 36. Kb1 e2 37. Qxh6 e1Q+ 0-1

[Event "Stepichev Memorial 14th"]
[Site "Kiev"]
[Date "2006.12.22"]
[Round "3"]
[White "Moiseev, Igor"]
[Black "Manilyk, Andrei"]
[Result "1-0"]
[WhiteElo "2246"]
[BlackElo "2143"]
[PlyCount "47"]
[EventDate "2006.12.18"]
[EventType "swiss"]
[EventRounds "9"]
[EventCountry "UKR"]
[SourceTitle "EXT 2008"]
[Source "ChessBase"]
[SourceDate "2007.11.25"]
[SourceVersion "1"]
[SourceVersionDate "2007.11.25"]
[SourceQuality "1"]

1. e4 d6 2. d4 Nf6 3. Nc3 c6 4. Nf3 Bg4 5. h3 Bxf3 6. Qxf3 Nbd7 7. Be3 e5 8. g4 Qb6 9. 0-0-0 h6 10. Bc4 Qc7 11. h4 exd4 12. Bxd4 Ne5 13. Bxe5 dxe5 14. g5 Nh7 15. Qf5 Bc5 16. g6 fxg6 17. Qxg6+ Kf8 18. Rh3 Nf6 19. f4 Bd4 20. fxe5 Bxe5 21. Rdd3 Qe7 22. Qf5 Ke8 23. Ne2 b5 24. Be6 1-0

[Event "UKR-ch U16 sf"]
[Site "Bila Tserkva"]
[Date "2006.11.21"]
[Round "6"]
[White "Manilyk, Andrei"]
[Black "Shagbazyan, Taron"]
[Result "1-0"]
[WhiteElo "2143"]
[BlackElo "2079"]
[PlyCount "127"]
[EventDate "2006.11.16"]
[EventType "swiss"]
[EventRounds "9"]
[EventCountry "UKR"]
[SourceTitle "EXT 2008"]
[Source "ChessBase"]
[SourceDate "2007.11.25"]
[SourceVersion "1"]
[SourceVersionDate "2007.11.25"]
[SourceQuality "1"]

1. d4 d5 2. e3 Nf6 3. Bd3 e6 4. Nf3 c5 5. b3 Nc6 6. Bb2 cxd4 7. exd4 Bd6 8. 0-0 0-0 9. a3 Qc7 10. Qe2 Re8 11. Ne5 Bf8 12. Nd2 g6 13. f4 Bg7 14. Kh1 Bd7 15. Rf3 Rad8 16. Raf1 Bc8 17. c3 Nd7 18. Rh3 Nf8 19. Qf2 f6 20. Nxc6 bxc6 21. g4 Re7 22. a4 Rde8 23. Ba3 Rf7 24. Qh4 f5 25. g5 Bh8 26. Re3 e5 27. Bxf8 Rfxf8 28. fxe5 c5 29. Qf4 cxd4 30. cxd4 Be6 31. h4 Rb8 32. Ref3 Rb4 33. Be2 Qb6 34. Rd3 Rc8 35. Qe3 Bg7 36. Kg2 Rc2 37. Rf2 Bf8 38. Nf3 f4 39. Qxf4 Bf5 40. Re3 Rxb3 41. Ne1 Rcc3 42. Rxc3 Rxc3 43. Bf3 Qb3 44. Bg4 Qb1 45. Bxf5 gxf5 46. Qxf5 Qxf5 47. Rxf5 Rc4 48. Nf3 Rxa4 49. e6 Ra2+ 50. Kf1 Ra1+ 51. Ke2 Ra2+ 52. Ke3 Ra3+ 53. Kf4 Bd6+ 54. Kg4 Re3 55. Rxd5 Re4+ 56. Kh5 Rxe6 57. Nd2 Bg3 58. Kg4 Be1 59. Nf3 Bb4 60. Kf5 Re8 61. Ne5 Be1 62. Ng4 Rf8+ 63. Nf6+ Kg7 64. h5 1-0

[Event "UKR-ch U16 sf"]
[Site "Bila Tserkva"]
[Date "2006.11.20"]
[Round "5"]
[White "Kutsykh, Mikle"]
[Black "Manilyk, Andrei"]
[Result "1-0"]
[WhiteElo "2201"]
[BlackElo "2143"]
[PlyCount "109"]
[EventDate "2006.11.16"]
[EventType "swiss"]
[EventRounds "9"]
[EventCountry "UKR"]
[SourceTitle "EXT 2008"]
[Source "ChessBase"]
[SourceDate "2007.11.25"]
[SourceVersion "1"]
[SourceVersionDate "2007.11.25"]
[SourceQuality "1"]

1. d4 d5 2. c4 c6 3. Nf3 Nf6 4. Nc3 a6 5. c5 g6 6. Bf4 Bg7 7. h3 Nbd7 8. Rc1 0-0 9. e3 Re8 10. Be2 b6 11. b4 b5 12. a4 Nf8 13. 0-0 h6 14. axb5 axb5 15. Nxb5 cxb5 16. Bxb5 Ne4 17. Bxe8 Qxe8 18. Qb3 Ba6 19. Qxd5 Nf6 20. Qb3 Ne6 21. Bh2 Ne4 22. Rfe1 Bb5 23. d5 N6g5 24. Nxg5 hxg5 25. c6 Kh7 26. f3 Nd2 27. Qc2 Nc4 28. Qe4 Nd2 29. Qg4 f5 30. Qxg5 Qf7 31. Qh4+ Kg8 32. Rc5 Ba4 33. c7 Bd7 34. Rd1 Nb3 35. Rc2 Na1 36. Rc4 Bf6 37. Qg3 Rc8 38. e4 Ba4 39. Re1 Bb5 40. Rcc1 Nb3 41. Rb1 Nd2 42. Rbd1 Bc3 43. exf5 Bxb4 44. Re6 Qxf5 45. Rxg6+ Kf7 46. Rg7+ Kf6 47. Rg8 Rxg8 48. Qxg8 Bd7 49. Rc1 Bc8 50. Rc6+ e6 51. Rxe6+ Bxe6 52. Qxe6+ Qxe6 53. dxe6 Bc5+ 54. Kh1 Ne4 55. fxe4 1-0

[Event "Kiev Independence Cup-A 6th"]
[Site "Kiev"]
[Date "2006.08.15"]
[Round "3"]
[White "Manilyk, Andrei"]
[Black "Grinev, Valeriy"]
[Result "0-1"]
[WhiteElo "2143"]
[BlackElo "2249"]
[PlyCount "150"]
[EventDate "2006.08.13"]
[EventType "swiss"]
[EventRounds "11"]
[EventCountry "UKR"]
[SourceTitle "CBM 113 Extra"]
[Source "ChessBase"]
[SourceDate "2006.09.14"]
[SourceVersion "1"]
[SourceVersionDate "2006.09.14"]
[SourceQuality "1"]

1. e4 c5 2. Nf3 e6 3. c3 Nf6 4. d3 d5 5. Nbd2 Nc6 6. Be2 Be7 7. 0-0 0-0 8. Qc2 b5 9. Re1 Rb8 10. Nf1 b4 11. Bf4 Rb6 12. Ng3 Ba6 13. c4 Re8 14. b3 Bf8 15. Qb2 h6 16. e5 Nd7 17. h4 Bb7 18. Bf1 Ne7 19. cxd5 Bxd5 20. Ne4 Ng6 21. Bg3 Bxe4 22. dxe4 h5 23. Rad1 Qc7 24. Re3 Rbb8 25. Be2 Be7 26. Nd2 Bxh4 27. Bxh4 Nxh4 28. Nc4 Ng6 29. Bxh5 Ndxe5 30. Bxg6 Nxg6 31. Nd6 Red8 32. e5 f6 33. f4 Nxf4 34. Rf1 fxe5 35. Qxe5 Qxd6 36. Rxf4 Qxe5 37. Rxe5 Rd2 38. Rxc5 Rxa2 39. Rg4 Rb7 40. Rc8+ Kf7 41. Rf4+ Kg6 42. Rcf8 Ra1+ 43. Kh2 Ra5 44. Re8 Re5 45. Rg4+ Kf7 46. Rc8 Re3 47. Rf4+ Ke7 48. Rc6 Rxb3 49. Re4 Rd3 50. Rcxe6+ Kf7 51. R6e5 Rd6 52. Re2 b3 53. Rb2 g6 54. Kg3 Re6 55. Ra5 Rc6 56. Ra3 Rc3+ 57. Kf4 Kf6 58. Ke4 Kg5 59. Rb1 Rc4+ 60. Kd3 Rcb4 61. Rb2 Kg4 62. Ra6 g5 63. Ra5 R4b5 64. Ra4+ Kg3 65. Re4 a5 66. Re3+ Kg4 67. Re4+ Kh5 68. g4+ Kh4 69. Ke3 Rb4 70. Re8 Kxg4 71. Re5 R7b5 72. Re8 a4 73. Rg2+ Kf5 74. Rg8 Ke6 75. Rf2 Rf4 0-1

[Event "Kiev Independence Cup-A 6th"]
[Site "Kiev"]
[Date "2006.08.13"]
[Round "1"]
[White "Ianovsky, Alexander"]
[Black "Manilyk, Andrei"]
[Result "1/2-1/2"]
[WhiteElo "2308"]
[BlackElo "2143"]
[PlyCount "94"]
[EventDate "2006.08.13"]
[EventType "swiss"]
[EventRounds "11"]
[EventCountry "UKR"]
[SourceTitle "CBM 113 Extra"]
[Source "ChessBase"]
[SourceDate "2006.09.14"]
[SourceVersion "1"]
[SourceVersionDate "2006.09.14"]
[SourceQuality "1"]

1. Nf3 d5 2. d4 c6 3. c4 Nf6 4. Nc3 a6 5. cxd5 cxd5 6. Bf4 e6 7. e3 b5 8. Bd3 Bb7 9. 0-0 Be7 10. h3 0-0 11. Bh2 Nbd7 12. Ne2 Rc8 13. a4 b4 14. a5 Ne4 15. Nc1 Nd6 16. Bxd6 Bxd6 17. Nb3 f5 18. Qe2 Ra8 19. Nfd2 Nf6 20. Rfc1 Ne4 21. Nc5 Nxc5 22. dxc5 Bc7 23. Nb3 Rf6 24. Ra4 f4 25. exf4 Bxf4 26. Rd1 Qc7 27. Rxb4 Raf8 28. f3 e5 29. Rb6 Bc6 30. Bxa6 d4 31. Bb5 Be3+ 32. Kh1 Bxf3 33. Bc4+ Kh8 34. Rxf6 Rxf6 35. gxf3 Qc8 36. Qg2 Rg6 37. a6 Rxg2 38. Kxg2 Qa8 39. Bd3 e4 40. fxe4 Qb8 41. Rf1 g5 42. Bc4 Bf4 43. Bd5 d3 44. Ra1 Bh2 45. e5 Qxe5 46. a7 Qxd5+ 47. Kxh2 Qe5+ 1/2-1/2